ਪੁਣ੍ਯ ਦਾ ਚਾਨਣ : (Record no. 110351)

MARC details
000 -LEADER
fixed length control field 01036nam a22002537a 4500
005 - DATE AND TIME OF LATEST TRANSACTION
control field 20170123164151.0
010 ## - LIBRARY OF CONGRESS CONTROL NUMBER
LC control number B-231528
020 ## - INTERNATIONAL STANDARD BOOK NUMBER
Terms of availability 200.00
International Standard Book Number 8176472123
035 ## - SYSTEM CONTROL NUMBER
System control number B-231528
037 ## - SOURCE OF ACQUISITION
Source of stock number/acquisition Cen Lib / Ret
040 ## - CATALOGING SOURCE
Original cataloging agency DPL
Language of cataloging PN
082 ## - DEWEY DECIMAL CLASSIFICATION NUMBER
Classification number 921
Item number ਕੰਵਲ
100 ## - MAIN ENTRY--PERSONAL NAME
Personal name ਕੰਵਲ, ਜਸਵੰਤ ਸਿੰਘ
9 (RLIN) 126194
245 ## - TITLE STATEMENT
Title ਪੁਣ੍ਯ ਦਾ ਚਾਨਣ :
Statement of responsibility, etc ਜਸਵੰਤ ਸਿੰਘ ਕੰਵਲ
Remainder of title ਮੇਰੀ ਵਿਥਿਆ /
246 ## - VARYING FORM OF TITLE
Title proper/short title Punya daa chanan : an autobiography /
Remainder of title by Jaswant Singh Kanwal
260 ## - PUBLICATION, DISTRIBUTION, ETC. (IMPRINT)
Place of publication, distribution, etc ਲੁਧਿਆਣਾ
Name of publisher, distributor, etc ਲਾਹੌਰ ਬੂਕ ਸ਼ਾਪ
Date of publication, distribution, etc 2007
270 ## - ADDRESS
Address 2 ਲਾਜਪਤ ਰਾਏ ਮਾਰਕੇਟ
City ਲੁਧਿਆਣਾ
300 ## - PHYSICAL DESCRIPTION
Extent 368p.
Dimensions 21cm(Hb)
650 ## - SUBJECT ADDED ENTRY--TOPICAL TERM
Topical term or geographic name as entry element ਪੰਜਾਬੀ ਸਾਹਿਤ
Form subdivision ਜੀਵਨੀ
9 (RLIN) 126195
650 ## - SUBJECT ADDED ENTRY--TOPICAL TERM
Topical term or geographic name as entry element ਪੰਜਾਬੀ ਸਾਹਿਤ
9 (RLIN) 126196
650 ## - SUBJECT ADDED ENTRY--TOPICAL TERM
Topical term or geographic name as entry element Punjabi Literature
Form subdivision Biography
9 (RLIN) 1698
650 ## - SUBJECT ADDED ENTRY--TOPICAL TERM
Topical term or geographic name as entry element Punjabi Literature
9 (RLIN) 781
942 ## - ADDED ENTRY ELEMENTS (KOHA)
Source of classification or shelving scheme Dewey Decimal Classification
Koha item type Punjabi Bks
Classification part 921
Call number suffix ਕੰਵਲ
Holdings
Withdrawn status Lost status Damaged status Not for loan Home library Current library Date acquired Source of acquisition Cost, normal purchase price Total Checkouts Full call number Barcode Date last seen Copy number Cost, replacement price Price effective from Koha item type
        Central Library Central Library 20/01/2016 Cen Lib/Ret 200.00   921 ਕੰਵਲ B-231528 20/01/2016 1 200.00 20/01/2016 Punjabi Bks

© Delhi Public Library
Hit Counter
free hit counter